Family Guy Depictions of Real People - Statistics

General Stats
  • This quiz has been taken 179 times
  • The average score is 13 of 20
Answer Stats
Picture Hint Answer % Correct
Dictator Adolf Hitler
99%
Dictator Vladimir Putin
95%
Terrorist Osama bin Laden
87%
President Bill Clinton
86%
Singer Taylor Swift
86%
Actor Tom Cruise
86%
President George W. Bush
85%
NFL player / actor / alleged murderer O.J. Simpson
85%
Actor Adam West
75%
Comedian / sex offender Bill Cosby
69%
Actor James Woods
64%
Music producer Simon Cowell
61%
Actor Liam Neeson
59%
Comedian Jay Leno
53%
Basketballer Magic Johnson
49%
Singer Miley Cyrus
41%
Game show host Alex Trebek
38%
Radio host Rush Limbaugh
38%
Actor John Goodman
35%
Actor Sam Elliott
26%
No matching quizzes found
Score Distribution
Percent of People with Each Score
Percentile by Number Answered
Your Score History
You have not taken this quiz